| 000 | 00559nam a2200205Ia 4500 | ||
|---|---|---|---|
| 003 | OSt | ||
| 005 | 20230412120754.0 | ||
| 008 | 210423s2009 xx 000 0 und d | ||
| 020 | _a9788180521577 | ||
| 040 | _cAL | ||
| 041 | _aeng | ||
| 082 |
_a519.5 _223 _bSONR |
||
| 100 |
_aSONI (R S). _986956 |
||
| 245 | _aEssential business mathematics and business statistics.P2. | ||
| 260 |
_aNew Delhi _bAne Books India _c2009 |
||
| 300 |
_ax,426 _bPB |
||
| 365 |
_b395 _cINR |
||
| 906 | _abusiness ; Essential ; mathematics ; statistics.P2. | ||
| 942 |
_2ddc _cBK |
||
| 999 |
_c157221 _d157221 |
||